书目信息 |
| 题名: |
从无赖到帝王---汉高祖刘邦
|
|
| 作者: | 金智学 著 | |
| 分册: | ||
| 出版信息: | 长春 吉林摄影出版社 2002.08 |
|
| 页数: | 313页 | |
| 开本: | 20cm | |
| 丛书名: | 中华帝王百传丛书 | |
| 单 册: | ||
| 中图分类: | K827 | |
| 科图分类: | ||
| 主题词: | 帝王--di wang--列传--中国--古代 | |
| 电子资源: | ||
| ISBN: | 7-80606-516-4 | |
| 000 | 00800nam 2200241 450 | |
| 001 | 010230045786 | |
| 005 | 20081223151455.00 | |
| 010 | @a7-80606-516-4@dCNY29.80 | |
| 100 | @a20050925d2002 km y0chiy0120 ea | |
| 101 | 0 | @achi |
| 102 | @aCN@b220000 | |
| 105 | @aa z 000yy | |
| 200 | 1 | @a从无赖到帝王---汉高祖刘邦@Acong wu lai dao di wang---han gao zu liu bang@f著者金智学@Fzhu zhe jin zhi xue |
| 210 | @a长春@c吉林摄影出版社@d2002.08 | |
| 215 | @a313页@c图@d20cm | |
| 225 | 2 | @a中华帝王百传丛书@Azhong hua di wang bai chuan cong shu |
| 330 | @a这套书主要讲述的是中华帝王百传的故事。 | |
| 410 | 0 | @12001 @a中华帝王百传丛书 |
| 606 | 0 | @a帝王@Adi wang@x列传@y中国@z古代 |
| 690 | @aK827@v4 | |
| 701 | 0 | @a金智学@Ajin zhi xue@4著 |
| 801 | 0 | @aCN@bRULIN@c20081223 |
| 905 | @aZUCC@dK827@eJ837=2 | |
| 从无赖到帝王---汉高祖刘邦/著者金智学.-长春:吉林摄影出版社,2002.08 |
| 313页:图;20cm.-(中华帝王百传丛书) |
| ISBN 7-80606-516-4:CNY29.80 |
| 这套书主要讲述的是中华帝王百传的故事。 |
| ● |
| 相关链接 |
|
|
|
正题名:从无赖到帝王---汉高祖刘邦
索取号:K827/J837=2
 
预约/预借
| 序号 | 登录号 | 条形码 | 馆藏地/架位号 | 状态 | 备注 |
| 1 | 715120 | 207151204 | 社科库309/309社科库 56排5列1层/ [索取号:K827/J837=2] | 在馆 |